Loading...

Signaturen : auktoriale Präsenz zwischen Bild und Schrift, 1400–1700

Saved in:
Bibliographic Details
Corporate Author: Die Namen der Künstler. Auktoriale Präsenz zwischen Bild und Schrift Berlin (Author)
Other Authors: Della Latta, Alessandro (Editor, HerausgeberIn)
Gludovatz, Karin (Editor, HerausgeberIn)
Document Type: Conference Proceeding Book
Language:German
Italian
Published: Berlin ; Boston : De Gruyter , [2023]
Subjects:
Online Access:Unbekannt
Inhaltsverzeichnis
Related Items:Erscheint auch als: Signaturen
Author Notes:herausgegeben von Alessandro Della Latta und Karin Gludovatz
LEADER 06002cam a2201033 c 4500
001 1806584468
003 DE-627
005 20260327112315.0
007 tu
008 220608s2023 gw ||||| 00| ||ger c
015 |a 22,N23  |2 dnb 
015 |a 22,N23  |2 dnb 
016 7 |a 1259073432  |2 DE-101 
020 |a 9783110613926  |q  : EUR 49.95 (DE), EUR 49.95 (AT)  |9 978-3-11-061392-6 
020 |a 3110613921  |9 3-11-061392-1 
024 3 |a 9783110613926 
035 |a (DE-627)1806584468 
035 |a (DE-603)497932652 
035 |a (DE-599)DNB1259073432 
035 |a (OCoLC)1327680533 
040 |a DE-627  |b ger  |c DE-627  |e rda 
041 |a ger  |a ita 
044 |c XA-DE-BE 
072 7 |a ART000000  |2 bisacsh 
082 0 |a 740.278  |q DE-101  |2 23/ger 
082 0 4 |a 740  |a 750  |a 760  |q DE-101 
084 |a KUNST  |q DE-16  |2 fid 
084 |a LH 60220  |q DE-24/23sred  |2 rvk  |0 (DE-625)rvk/94182: 
084 |a LH 61090  |q DE-14/sred  |2 rvk  |0 (DE-625)rvk/94209: 
084 |a 20.31  |2 bkl 
084 |a 21.02  |2 bkl 
084 |a 21.22  |2 bkl 
084 |a 21.32  |2 bkl 
111 2 |a Die Namen der Künstler. Auktoriale Präsenz zwischen Bild und Schrift  |g Veranstaltung  |d 2017  |c Berlin  |j VerfasserIn  |0 (DE-588)1305976681  |0 (DE-627)186381292X  |4 aut 
245 1 0 |a Signaturen  |b auktoriale Präsenz zwischen Bild und Schrift, 1400–1700  |c herausgegeben von Alessandro Della Latta und Karin Gludovatz 
246 1 |i Abweichender Titel  |a Die Namen der Künstler 
264 1 |a Berlin  |a Boston  |b De Gruyter  |c [2023] 
300 |a VIII, 223 Seiten  |b Illustrationen  |c 24 cm 
336 |a Text  |b txt  |2 rdacontent 
337 |a ohne Hilfsmittel zu benutzen  |b n  |2 rdamedia 
338 |a Band  |b nc  |2 rdacarrier 
500 |a Vorwort: "Der voliegende Band basiert auf der in diesem Zusammenhang durchgeführrten Tagung "Die Namen der Künstler. Auktoriale Präsenz zwischen Bild und Schrift", die im Januar 2017 als Kooperation der Gemäldegalerie der Staatlichen Museen zu Berlin, des Kunsthistorischen Instituts der Freien Universität Berlin und des Kunsthistorischen Instituts in Florenz, Max-Planck-Institut veranstaltet und von Alessandro Della Latta konzipiert wurde." 
583 1 |a Archivierung/Langzeitarchivierung gewährleistet  |f FID  |x XA-DE-BW  |2 pdager  |5 DE-16 
648 7 |a Geschichte 1400-1700  |2 gnd 
650 0 7 |0 (DE-588)4114333-4  |0 (DE-627)105822957  |0 (DE-576)209483733  |a Kunst  |2 gnd 
650 0 7 |0 (DE-588)4165893-0  |0 (DE-627)105436755  |0 (DE-576)209898577  |a Künstlersignatur  |2 gnd 
650 0 7 |0 (DE-588)4037220-0  |0 (DE-627)10623871X  |0 (DE-576)209022892  |a Malerei  |2 gnd 
650 0 7 |0 (DE-588)4127900-1  |0 (DE-627)104725044  |0 (DE-576)209597518  |a Zeichnung  |2 gnd 
650 0 7 |0 (DE-588)4113357-2  |0 (DE-627)104279680  |0 (DE-576)20947582X  |a Druckgrafik  |2 gnd 
650 0 7 |0 (DE-588)4033423-5  |0 (DE-627)106257307  |0 (DE-576)209001941  |a Künstler  |2 gnd 
650 0 7 |0 (DE-588)4137829-5  |0 (DE-627)105647136  |0 (DE-576)20968092X  |a Urheber  |2 gnd 
650 0 7 |0 (DE-588)4298755-6  |0 (DE-627)104131942  |0 (DE-576)211012610  |a Beschriftung  |2 gnd 
655 7 |a Konferenzschrift  |y 2017  |z Berlin  |0 (DE-588)1071861417  |0 (DE-627)826484824  |0 (DE-576)433375485  |2 gnd-content 
689 0 0 |d s  |0 (DE-588)4165893-0  |0 (DE-627)105436755  |0 (DE-576)209898577  |a Künstlersignatur  |2 gnd 
689 0 1 |d s  |0 (DE-588)4037220-0  |0 (DE-627)10623871X  |0 (DE-576)209022892  |a Malerei  |2 gnd 
689 0 2 |d s  |0 (DE-588)4127900-1  |0 (DE-627)104725044  |0 (DE-576)209597518  |a Zeichnung  |2 gnd 
689 0 3 |d s  |0 (DE-588)4113357-2  |0 (DE-627)104279680  |0 (DE-576)20947582X  |a Druckgrafik  |2 gnd 
689 0 4 |a z  |2 gnd  |a Geschichte 1400-1700 
689 0 |5 DE-101 
689 1 0 |d s  |0 (DE-588)4033423-5  |0 (DE-627)106257307  |0 (DE-576)209001941  |a Künstler  |2 gnd 
689 1 1 |d s  |0 (DE-588)4137829-5  |0 (DE-627)105647136  |0 (DE-576)20968092X  |a Urheber  |2 gnd 
689 1 2 |d s  |0 (DE-588)4298755-6  |0 (DE-627)104131942  |0 (DE-576)211012610  |a Beschriftung  |2 gnd 
689 1 3 |a z  |2 gnd  |a Geschichte 1400-1700 
689 1 |5 DE-101 
700 1 |a Della Latta, Alessandro  |e HerausgeberIn  |0 (DE-588)1165576686  |0 (DE-627)102963999X  |0 (DE-576)510429696  |4 edt 
700 1 |a Gludovatz, Karin  |d 1970-  |e HerausgeberIn  |0 (DE-588)121140180  |0 (DE-627)081112572  |0 (DE-576)187302685  |4 edt 
776 1 |z 9783110614398 
776 1 |z 9783110613964 
776 0 8 |i Erscheint auch als  |n Online-Ausgabe  |a Die Namen der Künstler. Auktoriale Präsenz zwischen Bild und Schrift (Veranstaltung : 2017 : Berlin)  |t Signaturen  |d Berlin : De Gruyter, 2023  |h 1 Online-Ressource (VIII, 223 Seiten)  |w (DE-627)1869980956  |z 9783110614398  |z 9783110613964 
856 4 2 |u https://www.degruyter.com/isbn/9783110613926  |m X:MVB  |v 2022-06-08  |x Verlag  |3 Unbekannt  |7 1 
856 4 2 |u https://d-nb.info/1259073432/04  |m B:DE-101  |q application/pdf  |x Verlag  |3 Inhaltsverzeichnis  |7 1 
936 r v |a LH 60220  |b Neuzeit insgesamt  |k Kunstgeschichte  |k Allgemeines. Allgemeine Kunstgeschichte  |k Bildende Kunst in Staat und Gesellschaft  |k Kunstsoziologie (sämtlicher oder mehrerer Kunstgattungen) Soziologie des Künstlers  |k Neuzeit  |k Neuzeit insgesamt  |0 (DE-627)1271071886  |0 (DE-625)rvk/94182:  |0 (DE-576)201071886 
936 r v |a LH 61090  |b Bildforschung; Bildwissenschaft; visual culture studies (insbes. Sammelbände und Reihen)  |k Kunstgeschichte  |k Allgemeines. Allgemeine Kunstgeschichte  |k Theorie und Praxis der Bildenden Kunst  |k Theorie der Bildenden Kunst  |k Bildforschung; Bildwissenschaft; visual culture studies (insbes. Sammelbände und Reihen)  |0 (DE-627)1479151343  |0 (DE-625)rvk/94209:  |0 (DE-576)409151343 
936 b k |a 20.31  |j Bildende Künstler  |0 (DE-627)181571080 
936 b k |a 21.02  |j Geschichte der Malerei  |0 (DE-627)106406698 
936 b k |a 21.22  |j Geschichte der Zeichnung  |x Kunst  |0 (DE-627)106406051 
936 b k |a 21.32  |j Geschichte der Graphik  |0 (DE-627)106405756 
936 s n |a l300  |2 mzub 
951 |a BO 
990 |a Künstlersignatur 
990 |a Malerei 
990 |a Zeichnung 
990 |a Druckgrafik 
990 |a Geschichte 1400-1700 
990 |a Künstler 
990 |a Urheber 
990 |a Beschriftung 
990 |a Geschichte 1400-1700 
999 |a KXP-PPN1806584468  |e 4403064094